Normal view MARC view

Entry Personal Name

Number of records used in: 1

001 - CONTROL NUMBER

  • control field: 879

003 - CONTROL NUMBER IDENTIFIER

  • control field: OSt

005 - DATE AND TIME OF LATEST TRANSACTION

  • control field: 20110412112036.0

008 - FIXED-LENGTH DATA ELEMENTS

  • fixed length control field: 110412|||a|||||| | ||| d

040 ## - CATALOGING SOURCE

  • Original cataloging agency: OSt
  • Transcribing agency: OSt

100 ## - HEADING--PERSONAL NAME

  • Personal name: Palmer, H.A.

670 ## - SOURCE DATA FOUND

  • Source citation: Work cat.: (OSt)296: Palmer, H.A., Harris's criminal law /, 1960.